Programming in PROLOG/ (Record no. 1596)
[ view plain ]
| 000 -LEADER | |
|---|---|
| Fixed length control field | 00505nam a2200181 4500 |
| 003 - CONTROL NUMBER IDENTIFIER | |
| Control field | SEACOMEC |
| 005 - DATE AND TIME OF LATEST TRANSACTION | |
| Control field | 20240817140738.0 |
| 008 - FIXED-LENGTH DATA ELEMENTS--GENERAL INFORMATION | |
| Fixed length control field | 240817b |||||||| |||| 00| 0 eng d |
| 020 ## - INTERNATIONAL STANDARD BOOK NUMBER / ISBN | |
| Price | 265.00 |
| 040 ## - CATALOGING SOURCE | |
| Original cataloging agency | SEACOMEC |
| 082 ## - DEWEY DECIMAL CLASSIFICATION NUMBER | |
| Classification number | 005.133 |
| Book Number | C648 |
| 100 ## - MAIN ENTRY--PERSONAL NAME | |
| Personal name | Clocksin, W. E |
| 245 ## - TITLE STATEMENT | |
| Title | Programming in PROLOG/ |
| Statement of responsibility | by W. E. Clocksin C. S. Mellish |
| 250 ## - EDITION STATEMENT | |
| Edition statement | 5th ed |
| 260 ## - IMPRINT | |
| Place of publication | New Delhi |
| Name of publisher | SPRINGER- |
| Date of publication | 2003 |
| 650 ## - SUBJECT ADDED ENTRY--TOPICAL TERM | |
| Topical term | Computer programming -Logical operations-Programming language |
| 942 ## - ADDED ENTRY ELEMENTS (KOHA) | |
| Koha item type | Books |
| Withdrawn status | Lost status | Source of classification | Damaged status | Not for loan | Home library | Current library | Date acquired | Total Checkouts | Call number | Accession number | Date last seen | Price effective from | Koha item type |
|---|---|---|---|---|---|---|---|---|---|---|---|---|---|
| Dewey Decimal Classification | SEACOM ENGINEERING COLLEGE | SEACOM ENGINEERING COLLEGE | 24/07/2007 | 005.133 C648 | 7710 | 17/08/2024 | 17/08/2024 | Books |
